000 00385nam a2200145Ia 4500
005 20251222144652.0
008 251222s9999||||xx |||||||||||||| ||spa||
020 _a978-603-4038-04-2
082 _a344.01/S21
100 _aSanguineti Raymond, Wilfredo
245 0 _aLos Contratos de Trabajo de Duración Determinada
250 _a2a.ed.
264 _bGaceta Jurídica
942 _cLIB
999 _c17120
_d17120